000 00280nam a2200121Ia 4500
008 230822s2011 xx 000 0 und d
020 _a978-0-470-68895-3
041 _aeng
100 _aRAND AYN
245 _aATLAS STRUGGED
260 _bPENGUIN BOOKS LTD
_c2011
300 _a272
999 _c859105
_d859105